000 00296nam a22001337a 4500
008 190225b xxu||||| |||| 00| 0 eng d
020 _a9780495105770
041 _aeng
080 _28th
_a510
100 _a36
101 _aMAT
245 _aElementary Algebra
_cKaufmann, J,E
942 _2udc
_cBK
999 _c54216
_d54216